Expanding dimensions of freedom (Record no. 77946)

MARC details
000 -LEADER
fixed length control field 00700cam a22002531 4500
001 - CONTROL NUMBER
control field sa 68001441
003 - CONTROL NUMBER IDENTIFIER
control field DLC
005 - DATE AND TIME OF LATEST TRANSACTION
control field 20260227112433.0
008 - FIXED-LENGTH DATA ELEMENTS--GENERAL INFORMATION
fixed length control field 710903s1967 ii b 000 0 eng
010 ## - LIBRARY OF CONGRESS CONTROL NUMBER
LC control number sa 68001441
025 ## - OVERSEAS ACQUISITION NUMBER
Overseas acquisition number PL480:I-E-9213
040 ## - CATALOGING SOURCE
Original cataloging agency DLC
Transcribing agency DLC
Modifying agency DLC
050 00 - LIBRARY OF CONGRESS CALL NUMBER
Classification number D210
Item number .S49
082 00 - DEWEY DECIMAL CLASSIFICATION NUMBER
Classification number 909
100 1# - MAIN ENTRY--PERSONAL NAME
Personal name Sharma, Brij Mohan,
Dates associated with a name 1898-
245 10 - TITLE STATEMENT
Title Expanding dimensions of freedom
Statement of responsibility, etc. [by] B. M. Sharma & L. P. Choudhry.
250 ## - EDITION STATEMENT
Edition statement [1st ed.]
260 ## - PUBLICATION, DISTRIBUTION, ETC.
Place of publication, distribution, etc. Agra,
Name of publisher, distributor, etc. Oriental Pub. House
Date of publication, distribution, etc. [1967]
300 ## - PHYSICAL DESCRIPTION
Extent vi, 370 p.
Dimensions 23 cm.
350 ## - PRICE (NR) (BK AM CF MU VM SE) [OBSOLETE]
Price Rs30
504 ## - BIBLIOGRAPHY, ETC. NOTE
Bibliography, etc. note Bibliographical footnotes.
650 #0 - SUBJECT ADDED ENTRY--TOPICAL TERM
Topical term or geographic name entry element History, Modern.
700 1# - ADDED ENTRY--PERSONAL NAME
Personal name Choudhry, L. P.,
Relator term joint author.

No items available.

Powered by Koha